Disney Villains - Statistics

General Stats
  • This quiz has been taken 183 times
  • The average score is 6 of 10
Answer Stats
Lyric Villain % Correct
"Take a gulp and take a breath and go ahead and sign the scroll" Ursula
87%
"Be prepared for the coup of the century" Scar
84%
"C'mon, join up, and I'll be frank: unless you do, you'll walk the plank!" Captain Hook
79%
"And now that I'm grown I eat five dozen eggs, so I'm roughly the size of a barge!" Gaston
76%
"Ruffians, thugs, poison ivy quicksand, cannibals, snakes, the plague! (no!) Yes!" Mother Gothel
63%
"Read my lips and come to grips with reality" Jafar
58%
"I've been searching my whole life to find my own place" Hans
56%
"To see her is to take a sudden chill" Cruella de Vil
52%
"You're in my world now, not your world" Dr. Facilier
45%
"This burning desire is turning me to sin" Frollo
41%
No matching quizzes found
Score Distribution
Percent of People with Each Score
Percentile by Number Answered
Your Score History
You have not taken this quiz